Water quality and quantity measuring system with prepaid billing / (Record no. 615892)

000 -LEADER
fixed length control field 00755nam a22001817a 4500
003 - CONTROL NUMBER IDENTIFIER
control field NUST
005 - DATE AND TIME OF LATEST TRANSACTION
control field 20260121180502.0
082 ## - DEWEY DECIMAL CLASSIFICATION NUMBER
Classification number 621.382,SHA
100 ## - MAIN ENTRY--PERSONAL NAME
Personal name Shahid, Muhammad Ali
9 (RLIN) 132878
245 ## - TITLE STATEMENT
Title Water quality and quantity measuring system with prepaid billing /
Statement of responsibility, etc. Muhammad Ali Shahid, Adil Awan, Usman Ali Shah and Jawad Mehboob (BETE-53)
260 ## - PUBLICATION, DISTRIBUTION, ETC.
Place of publication, distribution, etc. Rawalpindi
Name of publisher, distributor, etc. MCS (NUST)
Date of publication, distribution, etc. July, 2020
300 ## - PHYSICAL DESCRIPTION
Extent xii, 23p.;
505 ## - FORMATTED CONTENTS NOTE
Formatted contents note Introduction (Page-1), Literature Review (Page-4), Hardware Design and Proposed Methodology (Page-8), Conclusion and Future Direction (Page-20), References (Page-22).
650 ## - SUBJECT ADDED ENTRY--TOPICAL TERM
Topical term or geographic name entry element UG Project
9 (RLIN) 131132
651 ## - SUBJECT ADDED ENTRY--GEOGRAPHIC NAME
Geographic name BETE-53
9 (RLIN) 132872
700 ## - ADDED ENTRY--PERSONAL NAME
Personal name Supervised by Asst. Prof. Dr. Abdul Wakeel.
9 (RLIN) 132877
942 ## - ADDED ENTRY ELEMENTS (KOHA)
Source of classification or shelving scheme
Koha item type Project Report
Holdings
Withdrawn status Lost status Source of classification or shelving scheme Damaged status Not for loan Permanent Location Current Location Shelving location Date acquired Total Checkouts Full call number Barcode Date last seen Price effective from Koha item type Public note
          Military College of Signals (MCS) Military College of Signals (MCS) Reference 01/21/2026   621.382,SHA MCSPTE-294 01/21/2026 01/21/2026 Project Report Almirah No.90, Shelf No.4
© 2023 Central Library, National University of Sciences and Technology. All Rights Reserved.